000 00436nam a2200157Ia 4500
005 20250612171838.0
008 008 250505s9999 xx 000 0 eng d
020 _a9789393850935
040 _beng
_cILCL
041 _aeng
_2eng
100 _aIlbert, Courtenay
245 4 _aThe Mechanics of Law Making
260 _aDelhi
_bLaw and Justice Publishing Company
_c2023
300 _avii,209p.
942 _cTB
_2Colon Classification
999 _c1311890
_d1311890